BIBLIOTECA PODER JUDICIAL
Portal Judicial TDF

Protocolo de actuación frente a bloqueos : (Registro nro. 5290)

000 -LEADER
fixed length control field 01365nab a22002537a 4500
003 - CONTROL NUMBER IDENTIFIER
control field OSt
005 - DATE AND TIME OF LATEST TRANSACTION
control field 20250217110635.0
008 - FIXED-LENGTH DATA ELEMENTS--GENERAL INFORMATION
fixed length control field 190604e xxu||||| |||| 00| 0 spa d
040 ## - CATALOGING SOURCE
Transcribing agency PJ
100 ## - MAIN ENTRY--PERSONAL NAME
9 (RLIN) 6347
Personal name Pavioni, Natalí
245 10 - TITLE STATEMENT
Title Protocolo de actuación frente a bloqueos :
Remainder of title derechos humanos involucrados /
Statement of responsibility, etc Natalí Pavioni.
260 ## - PUBLICATION, DISTRIBUTION, ETC. (IMPRINT)
Place of publication, distribution, etc Ciudad Autónoma de Buenos Aires :
Name of publisher, distributor, etc Thomson Reuters La Ley,
Date of publication, distribution, etc 2024.
300 ## - PHYSICAL DESCRIPTION
Extent p. 26-38
500 ## - GENERAL NOTE
General note Cita Online: TR LALEY AR/DOC/2702/2024.
505 ## - FORMATTED CONTENTS NOTE
Formatted contents note Sumario: I. Introducción.— II. Contenido de la res. del Ministerio de Seguridad 901/2024.— III. El derecho a huelga y su protección constitucional.— IV. El derecho a huelga en el derecho internacional de los derechos humanos.— V. Tomas o bloqueos a establecimientos en contextos de conflicto laboral. Precedentes jurisprudenciales.— VI. Conclusiones.— VII. Bibliografía.
505 ## - FORMATTED CONTENTS NOTE
Title ¿Te interesa el texto completo? Solicitalo al correo: koha@justierradelfuego.gov.ar<br/>
650 #0 - SUBJECT ADDED ENTRY--TOPICAL TERM
9 (RLIN) 4564
Topical term or geographic name as entry element DERECHO DE HUELGA
650 #0 - SUBJECT ADDED ENTRY--TOPICAL TERM
9 (RLIN) 614
Topical term or geographic name as entry element DERECHOS HUMANOS
650 #0 - SUBJECT ADDED ENTRY--TOPICAL TERM
9 (RLIN) 1533
Topical term or geographic name as entry element DESPIDO
650 #0 - SUBJECT ADDED ENTRY--TOPICAL TERM
9 (RLIN) 4583
Topical term or geographic name as entry element DERECHOS SINDICALES
650 #0 - SUBJECT ADDED ENTRY--TOPICAL TERM
9 (RLIN) 4966
Topical term or geographic name as entry element FUERZAS ARMADAS
773 0# - HOST ITEM ENTRY
Host Biblionumber 2714
Host Itemnumber 3171
Place, publisher, and date of publication Ciudad Autónoma de Buenos Aires : Thomson Reuters La Ley, 2014-
Title Revista anales de legislación argentina. Nº 12 - Diciembre 2024.
942 ## - ADDED ENTRY ELEMENTS (KOHA)
Source of classification or shelving scheme
Koha item type Analítica Artículo de Revista

No hay ítems disponibles.

12 de Octubre 789 Ushuaia - Tel:  54(02901)441571
Horario de Atención: 8.00 a 17.00 hs. 
bibliotecaush@justierradelfuego.gov.ar
koha@justierradelfuego.gov.ar
Seguinos en nuestras redes @bibliojustdf 

Con tecnología Koha